Vysoký růst, vysoká inflace Maďarská ekonomika

Hodnotenie maďarskej ekonomiky americkou ratingovou firmou DCR Duff and Phelps Credit Rating Co. Faktory podporujúce dobré hodnotenie. Faktory obmedzujúce dobré hodnotenie. Úspešná privatizácia v Maďarsku. Reálny rast a inflácia v Maďarsku.

Salvato in:
Dettagli Bibliografici
Autore principale: Dostálová, Ivana
Natura: Capitolo di libro
Lingua:ceco
Soggetti:
Tags: Aggiungi Tag
Nessun Tag, puoi essere il primo ad aggiungerne!!

MARC

LEADER 00000naa a2200000 4500
001 r034007
005 20230920095739.6
041 0 |a cze 
044 |a CZ 
245 1 0 |a Vysoký růst, vysoká inflace  |b Maďarská ekonomika  |c Ivana Dostálová 
520 |a Hodnotenie maďarskej ekonomiky americkou ratingovou firmou DCR Duff and Phelps Credit Rating Co. Faktory podporujúce dobré hodnotenie. Faktory obmedzujúce dobré hodnotenie. Úspešná privatizácia v Maďarsku. Reálny rast a inflácia v Maďarsku. 
610 2 0 |a rating 
610 2 0 |a privatizácia 
610 2 0 |a inflácia 
610 2 0 |a rast hospodársky 
610 2 0 |a bankovníctvo 
610 2 0 |a zadlženosť 
610 2 0 |a Maďarsko 
100 1 |a Dostálová, Ivana